000 00946cam a2200349 4500
008 090401t1986 xxu||||| |||| 00| 0 eng d
020 _a0854063064
035 _a(Sirsi) u42401
041 _aeng
050 _a346.41032
090 _aRICS 1986/10 ABCD
110 _aRoyal Institution of Chartered Surveyors
_94900
245 _aCaveat surveyor : negligence claims handled by RICS Insurance Services
260 _aLondon
_bSurveyors Publications
_c1986
300 _a44p. ; 21cm.
350 _a5.25
650 _aAUCTIONEERS
650 _aBUILDING DEFECTS
650 _aESTATE AGENTS
650 _aInsurance
_96249
650 _aLAND AGENTS
650 _aLIABILITY
650 _aMORTGAGE VALUATION
650 _aNEGLIGENCE
650 _aPROFESSIONAL INDEMNITY
650 _aPROPERTY MANAGERS
650 _aRENT REVIEWS
650 _aSTRUCTURAL SURVEYS
650 _aSURVEYORS
942 _n0
948 _c04/03/1997
999 _c91099
_d91099